শিক্ষার ইতিহাস / (Record no. 2567)

MARC details
000 -LEADER
fixed length control field 00974nam a22002297a 4500
003 - CONTROL NUMBER IDENTIFIER
control field BD-DhJNU
005 - DATE AND TIME OF LATEST TRANSACTION
control field 20260126064351.0
008 - FIXED-LENGTH DATA ELEMENTS--GENERAL INFORMATION
fixed length control field 260126b |||||||| |||| 00| 0 eng d
040 ## - CATALOGING SOURCE
Original cataloging agency BD-DhJNU
Language of cataloging ENG
Transcribing agency BD-DhJNU
Modifying agency BD-DhJNU
082 ## - DEWEY DECIMAL CLASSIFICATION NUMBER
Edition number 23
Classification number 370.9 ULS
100 ## - MAIN ENTRY--PERSONAL NAME
Personal name উল্লাহ্‌ , মোহাম্মদ মোমিন
242 ## - TRANSLATION OF TITLE BY CATALOGING AGENCY
Title History of Education /
Statement of responsibility, etc. Professor Mohammad Momin Ullah
245 ## - TITLE STATEMENT
Title শিক্ষার ইতিহাস /
Statement of responsibility, etc. অধ্যাপক মোহাম্মদ মোমিন উল্লাহ্‌
246 ## - VARYING FORM OF TITLE
Title proper/short title Shilhar itihas /
250 ## - EDITION STATEMENT
Edition statement 4th ed.
260 ## - PUBLICATION, DISTRIBUTION, ETC.
Place of publication, distribution, etc. ঢাকা ঃ
Name of publisher, distributor, etc. এডুকেয়ার পাবলিকেশন্স,
Date of publication, distribution, etc. 1980.
300 ## - PHYSICAL DESCRIPTION
Extent ৪১৬ পৃ. :
Other physical details চিত্র ;
Dimensions ২২ সেমি.।
504 ## - BIBLIOGRAPHY, ETC. NOTE
Bibliography, etc. note গ্রন্থপঞ্জী সম্বলিত
650 ## - SUBJECT ADDED ENTRY--TOPICAL TERM
Topical term or geographic name entry element শিক্ষা - ইতিহাস
650 ## - SUBJECT ADDED ENTRY--TOPICAL TERM
Topical term or geographic name entry element Education history
942 ## - ADDED ENTRY ELEMENTS (KOHA)
Source of classification or shelving scheme Dewey Decimal Classification
Koha item type Books
Suppress in OPAC No
Holdings
Withdrawn status Lost status Source of classification or shelving scheme Damaged status Not for loan Collection Home library Current library Shelving location Date acquired Source of acquisition Total checkouts Full call number Barcode Date last seen Copy number Price effective from Koha item type
    Dewey Decimal Classification     Non-fiction Jagannath University Central Library Jagannath University Central Library General stacks 01/26/2026 Purchased   370.9 ULS JNUCL35444 01/26/2026 1 01/26/2026 Books
    Dewey Decimal Classification     Non-fiction Jagannath University Central Library Jagannath University Central Library General stacks 01/26/2026 Purchased   370.9 ULS JNUCL35448 01/26/2026 2 01/26/2026 Books
    Dewey Decimal Classification     Non-fiction Jagannath University Central Library Jagannath University Central Library General stacks 01/26/2026 Purchased   370.9 ULS JNUCL35447 01/26/2026 3 01/26/2026 Books
    Dewey Decimal Classification     Non-fiction Jagannath University Central Library Jagannath University Central Library General stacks 01/26/2026 Purchased   370.9 ULS JNUCL35446 01/26/2026 4 01/26/2026 Books
    Dewey Decimal Classification     Non-fiction Jagannath University Central Library Jagannath University Central Library General stacks 01/26/2026 Purchased   370.9 ULS JNUCL35445 01/26/2026 5 01/26/2026 Books